000 00306nam a2200121Ia 4500
005 20251222153546.0
008 251222s9999||||xx |||||||||||||| ||spa||
082 _aREF.363.2/S19/2005
100 _aSamamé Zapata, Luis
245 0 _aDirectorio Policial 2005
264 _bDirectorio Policial
942 _cLIB
999 _c30641
_d30641